000 00449nam a2200181Ia 4500
003 OSt
005 20230712210917.0
008 211109s9999||||xx |||||||||||||| ||und||
040 _cSBCL
082 _a894.43
_bSAR-S
100 _aSharma, Harisankar
245 0 _aSukhtisarovers
260 _bGaya Prasad and Sons
_aUP
_c1956
300 _a188p.
630 _xGeneral Stack
650 _aHindi literature
_vHINDI POETRY
_xGeneralia
942 _cBOOK
999 _c11408
_d11408